[Event "Lanzarote op"]
[Site "Lanzarote"]
[Date "2019.06.30"]
[Round "9"]
[White "Rionda Medio, Angel Arturo"]
[Black "Shi Zheng, Yuhang"]
[Result "1/2-1/2"]
[WhiteElo "1981"]
[BlackElo "1729"]
[PlyCount "109"]
[EventDate "2019.06.24"]
[EventType "swiss"]
[EventRounds "9"]
[EventCountry "ESP"]
[SourceTitle "CBM 191 Extra"]
[Source "ChessBase"]
[SourceDate "2019.09.30"]
[SourceVersion "1"]
[SourceVersionDate "2019.09.30"]
[SourceQuality "1"]

1. d4 Nf6 2. Nf3 g6 3. g3 Bg7 4. Bg2 0-0 5. 0-0 d6 6. Nc3 Nbd7 7. e4 e5 8. dxe5 dxe5 9. h3 c6 10. Be3 Qc7 11. Qe2 Nb6 12. b3 h6 13. a4 a5 14. Rfd1 Be6 15. Kh2 Rad8 16. Rxd8 Rxd8 17. Rd1 Rxd1 18. Qxd1 Nfd7 19. Qd2 Kh7 20. Ng1 f5 21. Nge2 Nc8 22. f4 Nd6 23. fxe5 Nxe5 24. Nd4 Bc8 25. exf5 Nxf5 26. Nxf5 Bxf5 27. Ne4 Nf7 28. Bf4 Be5 29. Bxe5 Qxe5 30. Nf2 h5 31. h4 g5 32. hxg5 h4 33. Nh1 Kg6 34. b4 Nxg5 35. bxa5 h3 36. Nf2 hxg2 37. Kxg2 Be4+ 38. Kf1 Qa1+ 39. Ke2 Bf3+ 40. Ke3 Qe5+ 41. Kd3 Qd5+ 42. Ke3 Qxd2+ 43. Kxd2 Ne4+ 44. Ke3 Nxf2 45. Kxf3 Nd1 46. Ke4 Kf6 47. Kd4 Nb2 48. Kc5 Nxa4+ 49. Kd6 Nb2 50. Kc7 Nc4 51. Kxb7 Nxa5+ 52. Kb6 Nc4+ 53. Kxc6 Ne3 54. c3 Ke5 55. Kc5 1/2-1/2

[Event "Lanzarote op"]
[Site "Lanzarote"]
[Date "2018.06.30"]
[Round "9"]
[White "Shi Zheng, Yuhang"]
[Black "Hernandez Leon, Sergio"]
[Result "1/2-1/2"]
[WhiteElo "1759"]
[BlackElo "2158"]
[PlyCount "83"]
[EventDate "2018.06.25"]
[EventType "swiss"]
[EventRounds "9"]
[EventCountry "ESP"]
[SourceTitle "CBM 185 Extra"]
[Source "ChessBase"]
[SourceDate "2018.07.29"]
[SourceVersion "1"]
[SourceVersionDate "2018.07.29"]
[SourceQuality "1"]

1. d4 Nf6 2. c4 e6 3. Nf3 Bb4+ 4. Bd2 Qe7 5. a3 Bxd2+ 6. Qxd2 d6 7. Nc3 0-0 8. g3 e5 9. Bg2 c6 10. 0-0 e4 11. Ne1 d5 12. Nc2 dxc4 13. Qf4 Re8 14. Ne3 Qe6 15. d5 cxd5 16. Rfd1 Na6 17. Ncxd5 Nxd5 18. Rxd5 Bd7 19. Rd6 Qe7 20. Rad1 g5 21. Nf5 gxf4 22. Nxe7+ Rxe7 23. Rxd7 Rxd7 24. Rxd7 fxg3 25. hxg3 Nc5 26. Rd4 b5 27. Bxe4 Rc8 28. Bc2 Kg7 29. Kf1 Kf6 30. e3 h6 31. Ke2 Ne6 32. Rd5 Rc5 33. Rxc5 Nxc5 34. e4 Ke5 35. Ke3 a5 36. f4+ Kd6 37. Kd4 Ne6+ 38. Kc3 Kc5 39. b4+ axb4+ 40. axb4+ Kd6 41. Bd1 f6 42. Bg4 1/2-1/2

[Event "ESP-chT Regional U14"]
[Site "Padron"]
[Date "2017.06.22"]
[Round "2.3"]
[White "Shi Zheng, Yuhang"]
[Black "Dorregarai Iparaguirre, Leire"]
[Result "0-1"]
[WhiteElo "1730"]
[BlackElo "1522"]
[PlyCount "108"]
[EventDate "2017.06.22"]
[EventType "team"]
[EventRounds "6"]
[EventCountry "ESP"]
[SourceTitle "EXT 2018"]
[Source "ChessBase"]
[SourceDate "2017.10.13"]
[SourceVersion "1"]
[SourceVersionDate "2017.10.13"]
[SourceQuality "1"]
[WhiteTeam "Canarias (U14)"]
[BlackTeam "Navarra (U14)"]
[WhiteTeamCountry "ESP"]
[BlackTeamCountry "ESP"]

1. d4 g6 2. c4 Bg7 3. Nc3 d6 4. e4 Nd7 5. Be2 Ngf6 6. Nf3 0-0 7. 0-0 e5 8. d5 Nc5 9. Qc2 h6 10. Ne1 Bg4 11. f3 Bc8 12. b4 Ncd7 13. a3 c6 14. Be3 Qe7 15. Rc1 cxd5 16. cxd5 a6 17. b5 axb5 18. Nxb5 b6 19. Qc6 Ba6 20. Nc7 Bxe2 21. Nxa8 Bxf1 22. Kxf1 Nc5 23. Nxb6 Nb3 24. Rb1 Nd4 25. Qa4 Nh5 26. Qa6 Qh4 27. Kg1 Nf4 28. Bxf4 Qxf4 29. Qd3 h5 30. Nc4 Bh6 31. Nc2 Nxc2 32. Qxc2 Rc8 33. Rf1 Qh4 34. g3 Qe7 35. Qa4 Qc7 36. Nb2 Qb6+ 37. Rf2 Be3 38. Nd1 Bxf2+ 39. Nxf2 Qb1+ 40. Kg2 Qe1 41. Qb4 Qxb4 42. axb4 Rc4 43. f4 Rxb4 44. Kf3 Rb3+ 45. Ke2 f6 46. Nd3 g5 47. f5 Kg7 48. h3 Kf7 49. g4 h4 50. Kd2 Ke7 51. Ke2 Kd7 52. Ke3 Kc7 53. Ke2 Kb6 54. Nf2 Kc5 0-1

[Event "Canarias-ch U18"]
[Site "Vecindario"]
[Date "2016.05.30"]
[Round "6.7"]
[White "Shi Zheng, Yuhang"]
[Black "Sanchez Gonzalez, Jesus German"]
[Result "1-0"]
[WhiteElo "1510"]
[BlackElo "1570"]
[PlyCount "93"]
[EventDate "2016.05.27"]
[EventType "swiss"]
[EventRounds "6"]
[EventCountry "ESP"]
[SourceTitle "EXT 2024"]
[Source "ChessBase"]
[SourceDate "2023.10.10"]
[SourceVersion "1"]
[SourceVersionDate "2023.10.10"]
[SourceQuality "1"]

1. e4 e5 2. Nf3 Nc6 3. Bc4 Bc5 4. d3 h6 5. 0-0 Nf6 6. a3 a5 7. Nc3 0-0 8. h3 d6 9. Be3 Nd4 10. Bxd4 Bxd4 11. Nxd4 exd4 12. Nb5 c5 13. c3 d5 14. exd5 Nxd5 15. Bxd5 Qxd5 16. Nc7 Qg5 17. f4 Qd8 18. Nxa8 Bf5 19. g4 Be6 20. f5 Bd5 21. c4 Qd6 22. Qe1 Bc6 23. Qf2 Rxa8 24. Qf4 Qxf4 25. Rxf4 Re8 26. b4 Re3 27. b5 Bd7 28. Re4 Rxe4 29. dxe4 b6 30. Kf2 f6 31. Re1 Be8 32. Ke2 g6 33. Kd3 Bf7 34. e5 gxf5 35. gxf5 Bh5 36. exf6 Bf3 37. Re6 Bg2 38. Rxb6 Bf1+ 39. Kd2 Bxc4 40. Rb7 Bd5 41. Rg7+ Kf8 42. b6 c4 43. b7 c3+ 44. Kc1 Bxb7 45. Rxb7 d3 46. Rb3 d2+ 47. Kd1 1-0

[Event "Canarias-ch U18"]
[Site "Vecindario"]
[Date "2016.05.28"]
[Round "2.7"]
[White "Shi Zheng, Yuhang"]
[Black "Suarez Ramirez, Jonay"]
[Result "1-0"]
[WhiteElo "1510"]
[BlackElo "1650"]
[PlyCount "47"]
[EventDate "2016.05.27"]
[EventType "swiss"]
[EventRounds "6"]
[EventCountry "ESP"]
[SourceTitle "EXT 2024"]
[Source "ChessBase"]
[SourceDate "2023.10.10"]
[SourceVersion "1"]
[SourceVersionDate "2023.10.10"]
[SourceQuality "1"]

1. e4 c5 2. Nf3 Nc6 3. d4 cxd4 4. Nxd4 g6 5. Nc3 Bg7 6. Be3 Nf6 7. g4 d5 8. Bb5 Bd7 9. exd5 Nxd4 10. Bxd7+ Qxd7 11. Bxd4 0-0 12. g5 Nh5 13. Bxg7 Kxg7 14. Qd4+ f6 15. 0-0-0 Qf5 16. gxf6+ Rxf6 17. Ne4 Nf4 18. Rhe1 Rd8 19. Nxf6 exf6 20. Re7+ Kf8 21. d6 Qg5 22. Qe3 Ne2+ 23. Kb1 Rxd6 24. Re8+ 1-0

[Event "Canarias-ch U14"]
[Site "San Bartolome de Tirajana"]
[Date "2015.04.12"]
[Round "7"]
[White "Shi Zheng, Yuhang"]
[Black "Amador Garcia, Ismael"]
[Result "0-1"]
[WhiteElo "1466"]
[BlackElo "1519"]
[PlyCount "36"]
[EventDate "2015.04.10"]
[EventType "swiss"]
[EventRounds "7"]
[EventCountry "ESP"]
[SourceTitle "EXT 2024"]
[Source "ChessBase"]
[SourceDate "2023.10.10"]
[SourceVersion "1"]
[SourceVersionDate "2023.10.10"]
[SourceQuality "1"]

1. e4 c5 2. Nf3 d6 3. d4 cxd4 4. Nxd4 Nf6 5. Nc3 g6 6. Be3 Bg7 7. f3 0-0 8. Qd2 Nc6 9. 0-0-0 Nxd4 10. Bxd4 Be6 11. h4 Qa5 12. Kb1 Rfc8 13. a3 Rab8 14. h5 b5 15. hxg6 fxg6 16. Na2 Bxa2+ 17. Kxa2 b4 18. Ra1 b3+ 0-1

[Event "Canarias-ch U14"]
[Site "Costa Teguise"]
[Date "2014.04.26"]
[Round "7"]
[White "Sanabria Taskila, Jenny Maria"]
[Black "Shi Zheng, Yuhang"]
[Result "1-0"]
[WhiteElo "1257"]
[BlackElo "1403"]
[PlyCount "57"]
[EventDate "2014.04.24"]
[EventType "swiss"]
[EventRounds "7"]
[EventCountry "ESP"]
[SourceTitle "EXT 2016"]
[Source "ChessBase"]
[SourceDate "2015.10.08"]
[SourceVersion "1"]
[SourceVersionDate "2015.10.08"]
[SourceQuality "1"]

1. e4 c5 2. Nf3 d6 3. d4 cxd4 4. Nxd4 Nf6 5. Nc3 g6 6. Be3 Bg7 7. Bc4 0-0 8. 0-0 Nc6 9. Qd2 Ng4 10. Nxc6 bxc6 11. Bd4 Ne5 12. Be2 c5 13. Be3 Ng4 14. Bxg4 Bxg4 15. Bh6 Bd7 16. Bxg7 Kxg7 17. Rad1 Rb8 18. b3 Rb4 19. e5 Rd4 20. Qe3 Rxd1 21. Rxd1 Bf5 22. Ne4 Qa8 23. Ng3 Bxc2 24. Rd2 Bf5 25. Nxf5+ gxf5 26. Qg5+ Kh8 27. Qxe7 Rg8 28. Qf6+ Rg7 29. f3 1-0

[Event "Canarias-ch U14"]
[Site "Costa Teguise"]
[Date "2014.04.25"]
[Round "5"]
[White "Acosta Moreno, Diego"]
[Black "Shi Zheng, Yuhang"]
[Result "1/2-1/2"]
[WhiteElo "1616"]
[BlackElo "1403"]
[PlyCount "69"]
[EventDate "2014.04.24"]
[EventType "swiss"]
[EventRounds "7"]
[EventCountry "ESP"]
[SourceTitle "EXT 2016"]
[Source "ChessBase"]
[SourceDate "2015.10.08"]
[SourceVersion "1"]
[SourceVersionDate "2015.10.08"]
[SourceQuality "1"]

1. d4 Nf6 2. Nf3 d5 3. g3 e6 4. Bg2 c5 5. c4 Be7 6. 0-0 0-0 7. Nc3 Nc6 8. cxd5 cxd4 9. Nxd4 Nxd5 10. Nxd5 exd5 11. Bf4 Qb6 12. Nb3 Be6 13. Rc1 Rac8 14. Qd2 Rfd8 15. Rfd1 h6 16. Qd3 Nb4 17. Qb1 Bc5 18. Nxc5 Rxc5 19. Rxc5 Qxc5 20. Rc1 Qe7 21. Rc7 Rd7 22. Rxd7 Qxd7 23. a3 Nc6 24. Qd3 a6 25. Qe3 d4 26. Qd3 g5 27. Bd2 Ne5 28. Qe4 Nc6 29. Qd3 Bf5 30. Qb3 b5 31. Qd5 Qxd5 32. Bxd5 Ne7 33. Bb7 Bc8 34. Bb4 Bxb7 35. Bxe7 1/2-1/2